000 00609cam a22002293a 4500
001 17852
003 PGUSA
005 20140828083359.0
008 060224s2006||||xxu|||||s|||||000 1 eng d
040 _aPGUSA
_beng
042 _adc
050 4 _aPQ
100 1 _aColombi, marchesa,
_d1840-1920
245 1 0 _aSenz'Amore
_h[electronic resource] /
_cmarchesa Colombi
260 _bProject Gutenberg,
_c2006
506 _aPublic domain in the USA.
516 _aElectronic text
653 _aFiction
830 0 _aProject Gutenberg
_v17852
856 4 0 _uhttp://www.gutenberg.org/ebooks/17852
942 _cEB
999 _c247107
_d247107